| 000 | 00607nam a2200229Ia 4500 | ||
|---|---|---|---|
| 005 | 20250508164158.0 | ||
| 008 | 008 250505s9999 xx 000 0 eng d | ||
| 020 | _a1-85346-564-X | ||
| 037 | _aTextBook | ||
| 040 |
_aFEDL _beng _cFEDL |
||
| 041 |
_aeng _2eng |
||
| 084 |
_a372.3, HAR _qFEDL |
||
| 100 | _aHarlen Wynne | ||
| 245 | 0 | _aTeaching of science in primary schools | |
| 250 | _a3rd | ||
| 260 |
_aLondon, UK _bDavid Fulton _c2003 |
||
| 300 | _av, 246p. | ||
| 365 |
_aGBP _b18 |
||
| 650 | _aPrimary education - Science | ||
| 942 |
_cTB _h372.3, HAR |
||
| 999 |
_c1387453 _d1387453 |
||